Lukusanoja ranskaksi - Statistics

Yleistilastot
  • Tätä visaa on pelattu 230 kertaa
  • Keskiarvotulos 21 / 44
Vastaustilastot
# Français % Oikein
1 un
97%
2 deux
84%
3 trois
81%
4 quatre
76%
9 neuf
72%
0 zéro
71%
5 cinq
70%
6 six
70%
10 dix
69%
8 huit
67%
7 sept
66%
11 onze
57%
18 dix-huit
53%
19 dix-neuf
53%
12 douze
53%
20 vingt
53%
17 dix-sept
52%
14 quatorze
49%
30 trente
46%
100 cent
45%
40 quarante
45%
13 treize
45%
1000 mille
43%
15 quinze
43%
16 seize
43%
50 cinquante
42%
200 deux-cents
42%
1 000 000 million
42%
ensimmäinen premier
42%
2000 deux-mille
40%
60 soixante
38%
100 000 cent-mille
37%
toinen deuxième
36%
90 quatre-vingt dix
36%
70 soixante-dix
34%
kolmas troisième
31%
kahdeksas huitième
30%
neljäs quatrième
30%
viides cinquième
29%
seitsemäs septième
29%
kuudes sixième
28%
kymmenes dixième
27%
80 quatre-vingts
27%
yhdeksäs neuvième
25%
Ehtoja vastaavia visoja ei löytynyt
Tulosjakauma
Jokaisen tuloksen saaneiden osuus
Persentiili vastausten määrän mukaan
Tuloshistoriasi
Et ole pelannut tätä visaa